بیرونی مشاہیر ادب اور حیدرآباد / (Record no. 171689)

MARC details
000 -LEADER
fixed length control field 00536nam a22001817a 4500
005 - DATE AND TIME OF LATEST TRANSACTION
control field 20200117141947.0
010 ## - LCCN (DPL NO)
LC control number A-485773
020 ## - INTERNATIONAL STANDARD BOOK NUMBER
Terms of availability 20.00
035 ## - SYSTEM CONTROL NUMBER
System control number A-485773
037 ## - SOURCE OF ACQUISITION
Source of stock number/acquisition BPPD/Pub.
082 ## - DEWEY DECIMAL CLASSIFICATION NUMBER
Classification number 840.8
100 ## - MAIN ENTRY--PERSONAL NAME
Personal name داود اشرف
245 ## - TITLE STATEMENT
Title بیرونی مشاہیر ادب اور حیدرآباد /
Statement of responsibility, etc داود اشرف
246 ## - VARYING FORM OF TITLE
Title proper/short title Bironi Mushahir Adab Aur Hyderabad (Urdu) /
Remainder of title by Dawood Ashraf
260 ## - PUBLICATION, DISTRIBUTION, ETC. (IMPRINT)
Place of publication, distribution, etc -
Name of publisher, distributor, etc -
Date of publication, distribution, etc 1990 ء
300 ## - PHYSICAL DESCRIPTION
Extent 159p.
Dimensions 23cm(Hb)
942 ## - ADDED ENTRY ELEMENTS (KOHA)
Source of classification or shelving scheme Dewey Decimal Classification
Item type Urdu Bks
Classification part 840.8
Call number suffix د ا و
Holdings
Withdrawn status Lost status Not for loan Collection code Home library Current library Date acquired Source of acquisition Cost, normal purchase price Full call number Barcode Copy number Cost, replacement price Koha item type
      Non-fiction Central Library Central Library 17/01/2020 BPPD/Ven. 20.00 840.8 د ا و A-485773 1 20.00 Urdu Bks

© Delhi Public Library
Hit Counter
free hit counter